000 00423nam a2200157 i 4500
001 22337
003 ES-MaACL
005 20230906152657.0
007 t|
008 021202s1948 sp ||||1| spa d
100 1 _aAlonso Cortés, Carmen.
_920274
245 1 0 _aEspacios /
_cCarmen Alonso Cortés.
260 _aValladolid :
_bCasa Martín,
_c1948.
300 _a106 p. ;
_c17 cm.
852 _aES-MaACL
_j1882-F-14
_bR.25972
999 _c22337
_d22337